000 01433nam a2200481 a 4500
003 AR-BaBNM
005 20251128204447.0
008 082120s2002 ||||||||||||||000 | spa||
020 _a950-13-6124-1
040 _cAR-BaBNM
100 1 _aNérici, Imídeo Giuseppe
245 0 0 _aHacia una didáctica general dinámica
250 _a3ª ed.
260 _aBuenos Aires
_bKapelusz
_c1992
300 _a607 p.
_bil.
490 0 _aBiblioteca de cultura pedagógica. Didáctica
500 _aTraducción de J. Ricardo Nervi
500 _aLos agregados correspondientes a la 3a. ed.castellana fueron traduccidas por María Celia Eguibar
650 4 _aEDUCACION Y DESARROLLO
650 4 _aDESARROLLO FISICO
650 4 _aINTEGRACION SOCIAL
650 4 _aSOCIALIZACION
650 4 _aESCUELAS MEDIAS
650 4 _aCALIDAD DE LA EDUCACION
650 4 _aPLANES EDUCACIONALES
650 4 _aPLANES DE CLASE
650 4 _aOBJETIVOS EDUCACIONALES
650 4 _aAPRENDIZAJE
650 4 _aACTIVIDADES DE APRENDIZAJE
650 4 _aTECNICAS DIDACTICAS
650 4 _aMATERIAL DIDACTICO
650 4 _aEDUCACION EXTRAESCOLAR
650 4 _aDISCIPLINA
650 4 _aETICA
653 _aJARDINES MATERNALES
653 _aEDUCACION INICIAL
653 _aEDUCACION PRIMARIA
653 _aEDUCACION SUPERIOR
653 _aMETODOS EDUCATIVOS
653 _aORIENTACION EDUCATIVA
942 _cBK
998 _cCarmen
999 _c7510
_d7510